| 000 | 00353 a2200109 4500 | ||
|---|---|---|---|
| 001 | ART_49624 | ||
| 005 | 20260410162001.0 | ||
| 008 | 260409a | ||
| 245 | 1 | 0 | _aLa economía argentina en la "edad dorada" |
| 100 | 1 | _aVillanueva, Javier | |
| 773 | 0 |
_tBoletín de lecturas sociales y económicas _g- Año 8, Nº 35 (abr. 2001) _wREV28746 |
|
| 999 |
_c31275 _d31275 |
||